Primelocation in pole position (Record no. 67397)
[ view plain ]
| 000 -LEADER | |
|---|---|
| fixed length control field | 00857cam a2200193 4500 |
| 001 - CONTROL NUMBER | |
| control field | WB3724-31 |
| 008 - FIXED-LENGTH DATA ELEMENTS--GENERAL INFORMATION | |
| fixed length control field | 000000n2001 000 0 eng u |
| 035 ## - SYSTEM CONTROL NUMBER | |
| System control number | (Sirsi) u113178 |
| 245 ## - TITLE STATEMENT | |
| Title | Primelocation in pole position |
| 260 ## - PUBLICATION, DISTRIBUTION, ETC. | |
| Date of publication, distribution, etc. | 2001 |
| 490 ## - SERIES STATEMENT | |
| Series statement | Negotiator |
| Volume/sequential designation | 16(12) 15 June 2001, 8(1) |
| 520 ## - SUMMARY, ETC. | |
| Summary, etc. | In Reapit's monthly guide to property websites housebuyers' portal Primelocation.com has been listed in the number one position. Reapit reviews over 40 property sites each month and awards them marks for properties, appearance and features. Assertahome and Propertyfinder are ranked just below Primelocation.com. The Reapit property site guide can be viewed at: http://www.reapit.com. |
| 590 ## - LOCAL NOTE (RLIN) | |
| Local note | WB |
| 650 ## - SUBJECT ADDED ENTRY--TOPICAL TERM | |
| Topical term or geographic name entry element | PRIMELOCATION.COM |
| 650 ## - SUBJECT ADDED ENTRY--TOPICAL TERM | |
| Topical term or geographic name entry element | RANKINGS |
| 650 ## - SUBJECT ADDED ENTRY--TOPICAL TERM | |
| Topical term or geographic name entry element | WEBSITES |
| 690 ## - LOCAL SUBJECT ADDED ENTRY--TOPICAL TERM (OCLC, RLIN) | |
| Topical term or geographic name as entry element | INFORMATION TECHNOLOGY-INTERNET |
| 942 ## - ADDED ENTRY ELEMENTS (KOHA) | |
| Suppress in OPAC | 0 |
| Withdrawn status | Lost status | Source of classification or shelving scheme | Damaged status | Not for loan | Home library | Current library | Shelving location | Date acquired | Total Checkouts | Full call number | Barcode | Date last seen | Copy number | Price effective from | Koha item type |
|---|---|---|---|---|---|---|---|---|---|---|---|---|---|---|---|
| Dewey Decimal Classification | London | London | News article | 20/06/2001 | WB3724-31 | 113178-1001 | 06/08/2019 | 1 | 06/08/2019 | News article |